Fr. Conceicao Rodrigues College of Engineering

Soldering (Record no. 26506)

MARC details
000 -LEADER
fixed length control field 00274nam a2200133Ia 4500
082 ## - DEWEY DECIMAL CLASSIFICATION NUMBER
Classification number 671.5
100 ## - MAIN ENTRY--PERSONAL NAME
Personal name Churchill/ S/C.
245 ## - TITLE STATEMENT
Title Soldering
260 ## - PUBLICATION, DISTRIBUTION, ETC.
Name of publisher, distributor, etc. Machinery Publication & co
Date of publication, distribution, etc. 2001
300 ## - PHYSICAL DESCRIPTION
Extent 147
546 ## - LANGUAGE NOTE
Language note ENGLISH
654 ## - SUBJECT ADDED ENTRY--FACETED TOPICAL TERMS
Focus term Soldering
942 ## - ADDED ENTRY ELEMENTS (KOHA)
Koha item type BOOK
Holdings
Withdrawn status Lost status Damaged status Not for loan Collection Home library Current library Date acquired Cost, normal purchase price Inventory number Total Checkouts Full call number Barcode Date last seen Cost, replacement price Price effective from Koha item type
        AFT Fr. Agnel's C.Rodrigues College of Engineering Fr. Agnel's C.Rodrigues College of Engineering 17/03/2023 25.00 1045   671.5 AFT701 17/03/2023 25.00 17/03/2023 BOOK